000 00659nam a22002177a 4500
003 UA-OsUOA
001 39879
007 ta
008 20060704b un ||||| |||| 00| 0 ukr d
100 _aКраосвский И.С.
090 _a902
_bК78
942 _cSA
040 _aUA-OsUOA
_brus
_cUA-OsUOA
_dUA-OsUOA
245 _aЦерковь Святой Великомученицы Екатерины конца Х! в. в древнем Киеве
300 _aС.86-92
955 _a0
041 _arus
080 _a902
773 0 _w39874
_tАрхеологія
_dК.
_d2006
_g2
650 7 _a9 Географія. Біографії. Історія
_2UDC
999 _c326021
_d326021